| 000 | 00464nam a2200193Ia 4500 | ||
|---|---|---|---|
| 008 | 160803s9999 xx 000 0 und d | ||
| 020 | _a9780590065658 | ||
| 100 | _aWadell, Martin | ||
| 245 | _aCan't you sleep little bear? / | ||
| 245 | _cby Martin Waddell. | ||
| 260 | _aNew York : | ||
| 260 | _bScholastic Inc. | ||
| 260 | _c1988 | ||
| 300 | _a1 volume (unpaged) ; | ||
| 300 | _c26 cm | ||
| 650 | _aBears -- | ||
| 650 | _xFiction. | ||
| 700 | _a450 | ||
| 999 |
_c299301 _d299301 |
||